UM Logo

The impact of professional learning communities on Social Studies teachers' professional development and student academic achievement / (Record no. 18422)

MARC details
000 -LEADER
fixed length control field 00894nam a22002177a 4500
003 - CONTROL NUMBER IDENTIFIER
control field OSt
005 - DATE AND TIME OF LATEST TRANSACTION
control field 20250219135259.0
008 - FIXED-LENGTH DATA ELEMENTS--GENERAL INFORMATION
fixed length control field 231115b ||||| |||| 00| 0 eng d
040 ## - CATALOGING SOURCE
Transcribing agency 0
082 ## - DEWEY DECIMAL CLASSIFICATION NUMBER
Classification number DPer 370.763 So131 January-December 2022 v.113 n. 1-6
100 ## - MAIN ENTRY--PERSONAL NAME
Personal name Copur, Ahmet.
Relator term author.
9 (RLIN) 49974
245 ## - TITLE STATEMENT
Title The impact of professional learning communities on Social Studies teachers' professional development and student academic achievement /
Statement of responsibility, etc. Ahmet Copur annd Muammer Demirel.
260 ## - PUBLICATION, DISTRIBUTION, ETC. (IMPRINT)
Place of publication, distribution, etc. Philadelphia ;
Name of publisher, distributor, etc. Taylor & Francis Group,
Date of publication, distribution, etc. November-December 2022.
300 ## - PHYSICAL DESCRIPTION
Extent volume 113, pages 300-318,
Other physical details illustration.
500 ## - GENERAL NOTE
General note The Social Studies, v. 113, no. 6, pages 300-318, November-December 2022.
650 ## - SUBJECT ADDED ENTRY--TOPICAL TERM
Topical term or geographic name as entry element Education.
9 (RLIN) 49975
650 ## - SUBJECT ADDED ENTRY--TOPICAL TERM
Topical term or geographic name as entry element Teachers.
9 (RLIN) 49976
700 ## - ADDED ENTRY--PERSONAL NAME
Personal name Copur, Ahmet.
Relator term author.
9 (RLIN) 49974
700 ## - ADDED ENTRY--PERSONAL NAME
Personal name Demirel, Muammer.
Relator term author.
9 (RLIN) 49977
942 ## - ADDED ENTRY ELEMENTS (KOHA)
Source of classification or shelving scheme Dewey Decimal Classification
Koha item type Periodicals
Holdings
Withdrawn status Lost status Source of classification or shelving scheme Damaged status Not for loan Collection code Home library Current library Date acquired Total Checkouts Full call number Date last seen Price effective from Koha item type Public note
    Dewey Decimal Classification     Periodicals UM Digos College - LIC UM Digos College - LIC 11/15/2023   DPer 370.763 So131 January-December 2022 v.113 n. 1-6 11/15/2023 11/15/2023 Periodicals Periodical Article